Veterinary epidemiology and economies in africa a manual for use in the design and appraisal of livestock health policy (Record no. 8948)
[ view plain ]
| 000 -LEADER | |
|---|---|
| fixed length control field | 00330nam a22001217a 4500 |
| 040 ## - CATALOGING SOURCE | |
| Transcribing agency | SK |
| 082 ## - DEWEY DECIMAL CLASSIFICATION NUMBER | |
| Classification number | 636 |
| 100 ## - MAIN ENTRY--AUTHOR NAME | |
| Personal name | PUTT S.N.H |
| 245 ## - TITLE STATEMENT | |
| Title | Veterinary epidemiology and economies in africa a manual for use in the design and appraisal of livestock health policy |
| 260 ## - PUBLICATION, DISTRIBUTION, ETC. (IMPRINT) | |
| Place of publication | ENGLAND |
| Name of publisher | PUT |
| Year of publication | 1987 |
| 300 ## - PHYSICAL DESCRIPTION | |
| Number of Pages | 94p. |
| 942 ## - ADDED ENTRY ELEMENTS (KOHA) | |
| Koha item type | សៀវភៅភាសាអង់គ្លេស |
No items available.